Á lódáil...

മാര്‍കേസിന്റെ നാട്ടിലും വീട്ടിലും/

Sonraí Bibleagrafaíochta
Príomhúdar: മധു എസ് നായര്‍
Údair Eile: Madhu S nair
Formáid: Printed Book
Teanga:English
Foilsithe: കോഴിക്കോട്: മാതൃഭൂമി ബുക്സ്, 2014.
Eagrán:1st ed.
Ábhair:
LEADER 00815nam a22001937a 4500
008 150826b xxu||||| |||| 00| 0 eng d
020 |a 9788182660625 
082 |a 918.61 MAD 
100 |a മധു എസ് നായര്‍ 
240 |a Marquezinte nattilum veettilum 
245 |a മാര്‍കേസിന്റെ നാട്ടിലും വീട്ടിലും/  |c മധു എസ് നായര്‍ 
250 |a 1st ed. 
260 |a കോഴിക്കോട്:  |b മാതൃഭൂമി ബുക്സ്,  |c 2014. 
300 |a 135p. 
650 |a Travelogue 
700 |a Madhu S nair 
942 |2 ddc  |c BK 
999 |c 12097  |d 12097 
952 |0 0  |1 0  |2 ddc  |4 0  |6 918_610000000000000_MAD  |7 0  |9 17106  |a MAIN  |b MAIN  |d 2015-08-26  |e Penta Book Distributors  |g 125.00  |o 918.61 MAD  |p 17162  |r 2015-08-26  |w 2015-08-26  |y BK